The direct taxes reckoner 1965-66 / (Record no. 124528)

MARC details
000 -LEADER
fixed length control field 00664nam a22002177a 4500
005 - DATE AND TIME OF LATEST TRANSACTION
control field 20170124105940.0
010 ## - LIBRARY OF CONGRESS CONTROL NUMBER
LC control number 392636
020 ## - INTERNATIONAL STANDARD BOOK NUMBER
Terms of availability 08.00
035 ## - SYSTEM CONTROL NUMBER
System control number 392636
037 ## - SOURCE OF ACQUISITION
Source of stock number/acquisition Cen Lib/Ret
040 ## - CATALOGING SOURCE
Original cataloging agency DPL
Language of cataloging EN
082 ## - DEWEY DECIMAL CLASSIFICATION NUMBER
Classification number 336.21
Item number CHA
100 ## - MAIN ENTRY--PERSONAL NAME
Personal name Chaturvedi,K.
9 (RLIN) 73295
245 ## - TITLE STATEMENT
Title The direct taxes reckoner 1965-66 /
Statement of responsibility, etc by K.Chaturvedi
260 ## - PUBLICATION, DISTRIBUTION, ETC. (IMPRINT)
Place of publication, distribution, etc Calcutta
Name of publisher, distributor, etc The eastern law house
Date of publication, distribution, etc 1965
270 ## - ADDRESS
Address 54,Ganesh Chunder Avenue
City Calcutta
300 ## - PHYSICAL DESCRIPTION
Extent viii,165p.
Dimensions 23cm(Hb)
650 ## - SUBJECT ADDED ENTRY--TOPICAL TERM
Topical term or geographic name as entry element Gifts--Taxation--Law and legislation-India
9 (RLIN) 73296
650 ## - SUBJECT ADDED ENTRY--TOPICAL TERM
Topical term or geographic name as entry element Spendings tax--Law and legislation
9 (RLIN) 73297
942 ## - ADDED ENTRY ELEMENTS (KOHA)
Source of classification or shelving scheme Dewey Decimal Classification
Koha item type English Books
Classification part 336.21
Call number suffix CHA
Holdings
Withdrawn status Lost status Damaged status Not for loan Home library Current library Date acquired Source of acquisition Cost, normal purchase price Total Checkouts Full call number Barcode Date last seen Copy number Cost, replacement price Price effective from Koha item type
        Central Library Central Library 16/06/2015 Cen Lib/Ret 8.00   336.21 CHA 392636 16/06/2015 1 8.00 16/06/2015 English Books

© Delhi Public Library
Hit Counter
free hit counter